000 00226 a2200097 4500
001 14358
100 _aAnderzeiwsekis
245 _aMilitary organization society
260 _aLondon
_bRoutledge Kegan
_c
090 _c11257
_d11257
942 _aNUST-CAE
_cM
_c1400
999 _c249431
_d249431